Kempy České republiky Camping-sites of the Czech Republic = Campingplätze in der Tschechischen Republik
| Jazyk: | Němčina Slovenština Polština Čeština |
|---|---|
| Vydáno: |
Praha : Ve spolupráci s FTonline vydalo kartografické vydavatelství Žaket, c2013 |
| Vydání: | 4. vyd. |
| Témata: | |
| Fyzický popis: |
1 mapa : barev. ; 32 x 61 cm, na listu 42 x 63 cm, složeno na 21 x 11 cm |
| Language note: |
Místní jména česky a část. německy, polsky a slovensky |
| LEADER | 01752nem a2200433 a 4500 | ||
|---|---|---|---|
| 001 | nkc20132508443 | ||
| 003 | CZ PrNK | ||
| 005 | 20141027161107.0 | ||
| 007 | aj canzn | ||
| 008 | 131021s2013 xr z a 1 cze | ||
| 015 | |a cnb002508443 | ||
| 020 | |a 978-80-7233-389-9 | ||
| 034 | 1 | |a a |b 800000 |d E0120517 |e E0185311 |f N0510430 |g N0483519 | |
| 040 | |a BOA001 |b cze |d ABA001 | ||
| 041 | 0 | |a cze |a ger |a pol |a slo | |
| 043 | |a e-xr--- | ||
| 072 | 7 | |a 913(437) |x Geografie Česka a Slovenska, reálie, cestování |2 Konspekt |9 7 | |
| 072 | 7 | |a 912 |x Mapy. Atlasy. Glóby |2 Konspekt |9 7 | |
| 080 | |a 640.41:796.54 |2 MRF | ||
| 080 | |a 913(437.3) |2 MRF | ||
| 080 | |a (084.3) |2 MRF | ||
| 245 | 0 | 0 | |a Kempy České republiky |h [kartografický dokument] = |b Camping-sites of the Czech Republic = Campingplätze in der Tschechischen Republik |
| 246 | 3 | 1 | |a Camping-sites of the Czech Republic |
| 246 | 3 | 1 | |a Campingplätze in der Tschechischen Republik |
| 250 | |a 4. vyd. | ||
| 255 | |a Měřítko 1:800 000 |c (012°05´17" v.d.--018°53´11" v.d./051°04´30" s.š.--048°35´19" s.š.) | ||
| 260 | |a Praha : |b Ve spolupráci s FTonline vydalo kartografické vydavatelství Žaket, |c c2013 | ||
| 300 | |a 1 mapa : |b barev. ; |c 32 x 61 cm, na listu 42 x 63 cm, složeno na 21 x 11 cm | ||
| 500 | |a Obsahuje abecední seznam kempů | ||
| 500 | |a Doplňková mapa kempů v Praze | ||
| 546 | |a Místní jména česky a část. německy, polsky a slovensky | ||
| 650 | 0 | 7 | |a kempinky |7 ph114903 |z Česko |2 czenas |
| 655 | 7 | |a mapy |7 fd132800 |2 czenas | |
| 910 | 2 | |a BOA001 |b Mp2-1316.239 | |
| 928 | 9 | |a Žaket | |
| 990 | |a MP | ||
| 995 | |a 01 | ||
| 991 | |b 201401 |c NOV |e n | ||
| 996 | 6 | |b 2610574361 |c Mp2-1316.239 |l MZK |r Sklad / do 1 hodiny |n 0 |p p.v. |w 001390125 |u 000010 |a 1 |e BOA001 |j MZK50 |s P | |
English
Čeština 